Missing Word: 'C' Sporcle Badges Quiz Stats

 Plays Quiz Updated Jul 3, 2018

Score 0/16 Timer 04:00
0 Plays Today
Badge Missing Word % Correct
_____ de MayoCinco
89.4%
Winter is _____Coming
85.5%
_____ PunishmentCapital
81.1%
_____ Your VoteCast
75.4%
Everyone's a _____Critic
74.2%
_____ SurfingChannel
69.4%
Top of the _____Charts
66.7%
Order of Merlin, First _____Class
49.8%
Badge Missing Word % Correct
_____ RollCamera
45.2%
First _____Contact
42.7%
Morning _____Coffee
39.5%
_____ NineCloud
35%
Sinister _____Cinema
32.7%
Century _____Club
27%
Border _____Crossing
25.4%
The Killer Rabbit of _____Caerbannog
12.2%

Today's Daily Dose

Missing Word
Banned Books (A-Z)

Word Ladder
Janis Joplin

Get the Picture
Occupations

You're not logged in!

Compare scores with friends on all Sporcle quizzes.
OR
Log In

Sporcle TV

Today on Sporcle TV


Watch our educational content, quiz creation guides, and fun videos on Sporcle TV.

Show Comments

Extras

Top Quizzes Today


Score Distribution

Your Account Isn't Verified!

In order to create a playlist on Sporcle, you need to verify the email address you used during registration. Go to your Sporcle Settings to finish the process.

Report this User

Report this user for behavior that violates our Community Guidelines.

Details: